000 00348nam a2200145Ia 4500
008 231217s9999 xx 000 0 und d
041 _aEnglish
082 _a001.6424JAV HAN `R'
100 _aHanna, Phil
245 0 _aInstant Java Servlets
260 _c1999
_bNew Delhi : TMH,
300 _axi+820
650 _aJava servlets
942 _cAA
999 _c167415
_d167415